| Tag |
First Indicator |
Second Indicator |
Subfields |
| LEADER |
00000cam a2200000 a 4500 |
| 001 |
in00002666369 |
| 005 |
20151202120550.0 |
| 008 |
101227s2011 nyu 000 1 eng |
| 010 |
|
|
|a 2010052840
|
| 020 |
|
|
|a 9780451233165 (hbk.)
|
| 020 |
|
|
|a 0451233166 (hbk.)
|
| 035 |
|
|
|a (OCoLC)ocn644667401
|
| 035 |
|
|
|a (OCoLC)644667401
|
| 040 |
|
|
|a DLC
|c DLC
|d IG#
|d BTCTA
|d WVR
|d VP@
|d EINCP
|d FN4
|d YDXCP
|d TXA
|d UtOrBLW
|
| 049 |
|
|
|a TXAM
|
| 050 |
0 |
0 |
|a PS3623.A73227
|b L695 2011
|
| 082 |
0 |
0 |
|a 813/.6
|2 22
|
| 100 |
1 |
|
|a Ward, J. R.,
|d 1969-
|
| 245 |
1 |
0 |
|a Lover unleashed :
|b a novel of the Black Dagger Brotherhood /
|c J. R. Ward.
|
| 264 |
|
1 |
|a New York :
|b NAL Hardcover,
|c [2011]
|
| 264 |
|
4 |
|c ©2011
|
| 300 |
|
|
|a xv, 489 pages ;
|c 24 cm.
|
| 336 |
|
|
|a text
|b txt
|2 rdacontent
|
| 337 |
|
|
|a unmediated
|b n
|2 rdamedia
|
| 338 |
|
|
|a volume
|b nc
|2 rdacarrier
|
| 490 |
1 |
|
|a Black dagger brotherhood ;
|v 9
|
| 520 |
|
|
|a "Payne, twin sister of Vishous, is cut from the same dark warrior cloth as her brother. Because she is a fighter by nature, and a maverick when it comes to the traditional role of Chosen females, there is no place for her on the Far Side...and no role for her on the front lines of the war, either. When she suffers a paralyzing injury, human surgeon Dr. Manuel Manello is called in to treat her as only he can--and he soon gets sucked into her dangerous secret world. Although he never before believed in things that go bump in the night--like vampires--he finds himself more than willing to be seduced by the powerful female who marks both his body and his soul. As the two find so much more than an erotic connection, the human and vampire worlds collide...just as a centuries-old score catches up with Payne and puts both her love and her life in deadly jeopardy"--
|c Provided by publisher.
|
| 650 |
|
0 |
|a Vampires
|v Fiction.
|
| 655 |
|
7 |
|a Fantasy fiction.
|2 gsafd
|
| 655 |
|
0 |
|a Paranormal romance stories.
|
| 650 |
|
7 |
|a FICTION / Romance / Paranormal.
|2 bisacsh
|
| 800 |
1 |
|
|a Ward, J. R.,
|d 1969-
|t Black dagger brotherhood series.
|
| 994 |
|
|
|a C0
|b TXA
|
| 948 |
|
|
|a cataloged
|b h
|c 2011/4/19
|d c
|e agaffey
|f 2:30:55 pm
|
| 999 |
|
|
|a MARS
|
| 999 |
f |
f |
|s 1c49748f-7a68-318d-bd86-ea89d0e2c1a1
|i e9b350db-c5fb-3515-8e42-7a1771da1559
|t 0
|
| 952 |
f |
f |
|p noncirc
|a Texas A&M University
|b College Station
|c Sterling C. Evans Library
|d Evans: Library Stacks
|t 0
|e PS3623.A73227 L695 2011
|h Library of Congress classification
|i unmediated -- volume
|m A14853081221
|
| 952 |
f |
f |
|p noncirc
|a Texas A&M University
|b College Station
|c Cushing Memorial Library & Archives
|d Cushing: Science Fiction (Does not check out)
|t 0
|e PS3623.A73227 L695 2011
|h Library of Congress classification
|i unmediated -- volume
|m A14853249058
|
| 952 |
f |
f |
|p ric
|a Texas A&M University
|b Rellis Campus
|c Joint Library Facility
|d Remote Storage
|t 0
|e PS3623.A73227 L695 2011
|h Library of Congress classification
|i unmediated -- volume
|m A14839575869
|
| 998 |
f |
f |
|a PS3623.A73227 L695 2011
|t 0
|l Evans: Library Stacks
|
| 998 |
f |
f |
|a PS3623.A73227 L695 2011
|t 0
|l Cushing: Science Fiction (Does not check out)
|
| 998 |
f |
f |
|a PS3623.A73227 L695 2011
|t 0
|l Remote Storage
|